| 000 | 00485nam a22001697a 4500 | ||
|---|---|---|---|
| 003 | OSt | ||
| 005 | 20260223110412.0 | ||
| 008 | 241128b |||||||| |||| 00| 0 eng d | ||
| 020 | _a9781911623854 | ||
| 040 |
_aSRHU _bEnglish _cSRHU |
||
| 082 |
_223rd _a616.89 |
||
| 245 |
_a Seminars In General Adult Psychiatry _c Kingdon,David & Rowlands, Paul |
||
| 250 | _a3rd | ||
| 260 |
_aUSA _bCambridge University Press _c2023 |
||
| 300 |
_axi,835p _c24cm |
||
| 942 |
_2ddc _cPSYCHIA _e3rd |
||
| 999 |
_c19276 _d19276 |
||